00393nam a2200169Ia 4500003000900000008004100009040001300050040001300063041000800076100002000084245007300104250000900177260001200186260000900198300001000207490000600217IT-RoPAU120407s9999 xx 000 0 und d aIT-RoPAU cIT-RoPAU aita aErmanno Ancilli aDizionario Enciclopedico di spiritualità. Diretto da Erm. Ancilli aRoma aStudium c1976 c22 cm v2